• 首页
  • 本馆介绍
  • 公告通知
  • 最新文献
  • 馆藏检索
  • 电子资源
  • 读者导购
  • 参考咨询
  • 我的图书馆
  • 登录
  • 详细信息显示
  • 放入我的书架
  • 预约/预借图书
  • 作者相关作品
  • 分类相关作品
  • 丛书相关作品
  • 出版社相关作品

书目信息

  • 表格格式
  • 工作单格式
  • 卡片格式
题名:
病原生物学
    
 
作者: 景涛 , 吴移谋 主编
分册:  
出版信息: 北京   人民卫生出版社  2013
页数: 515页
开本: 26cm
丛书名:
单 册:
中图分类: R37
科图分类:
主题词: 病原微生物--教材--成人高等教育
电子资源:
ISBN: 978-7-117-17701-6
000 01156nam0 2200253 450
001 81
005 20160905101231.60
010    @a978-7-117-17701-6@dCNY53.00
100    @a20140102d2013 em y0chiy50 ea
101 0  @achi
102    @aCN@b110000
105    @aa z 001yy
200 1  @a病原生物学@9bing yuan sheng wu xue@f景涛,吴移谋主编
205    @a3版
210    @a北京@c人民卫生出版社@d2013
215    @a515页@c图@d26cm
300    @a国家卫生和计划生育委员会“十二五”规划教材 全国高等医药教材建设研究会规划教材 全国高等学校医药学成人学历教育(专科起点升本科)规划教材 供临床、预防、口腔、护理、检验、影像等专业用
330    @a本书分为三篇二十九章。总论部分包括:基本概念、病原生物与宿主的相互作用、病原生物的传播与流行、病原生物性疾病的控制等。病原微生物部分包括:原核细胞型微生物概论、非细胞型微生物概论、真核细胞型微生物概论等。人体寄生虫学部分包括:原虫概论、吸虫概论、绦虫概论、线虫概论、消化系统寄生虫等。
606 0  @a病原微生物@j教材@x成人高等教育
690    @aR37@v5
701  0 @a景涛@9jing tao@f(1954.5~)@4主编
701  0 @a吴移谋@9wu yi mou@f(1954.12~)@4主编
801  0 @aCN@b唐山师范学院图书馆@c20160721
905    @aZUCC@dR37@e252=3
    
    病原生物学/景涛,吴移谋主编.-3版.-北京:人民卫生出版社,2013
    515页:图;26cm
    国家卫生和计划生育委员会“十二五”规划教材 全国高等医药教材建设研究会规划教材 全国高等学校医药学成人学历教育(专科起点升本科)规划教材 供临床、预防、口腔、护理、检验、影像等专业用
    
    ISBN 978-7-117-17701-6:CNY53.00
    本书分为三篇二十九章。总论部分包括:基本概念、病原生物与宿主的相互作用、病原生物的传播与流行、病原生物性疾病的控制等。病原微生物部分包括:原核细胞型微生物概论、非细胞型微生物概论、真核细胞型微生物概论等。人体寄生虫学部分包括:原虫概论、吸虫概论、绦虫概论、线虫概论、消化系统寄生虫等。
●
相关链接 在E读中查询图书 在五车中查询图书 在当当中查询图书 在豆瓣中查询图书


正题名:病原生物学     索取号:R37/252=3         预约/预借

序号 登录号 条形码 馆藏地/架位号 状态 备注
1 900333   209003335   第二样本阅览室/ [索取号:R37/252=3] 在馆    
2 900334   209003344   第三借阅区/ [索取号:R37/252=3] 在馆    
3 900335   209003353   第三借阅区/ [索取号:R37/252=3] 在馆    
4 900336   209003362   第三借阅区/ [索取号:R37/252=3] 在馆    
5 900337   209003371   密集书库-生命科学系/ [索取号:R37/252=3] 在馆    
唐山师范学院图书馆 欢迎您!
大连网信软件有限公司© 版权所有